Search the Library Catalogue
| 000 -LEADER | |
|---|---|
| fixed length control field | 00864nam a2200229Ia 4500 |
| 008 - FIXED-LENGTH DATA ELEMENTS--GENERAL INFORMATION | |
| fixed length control field | 191130s2009##################000#0#eng## |
| 020 ## - INTERNATIONAL STANDARD BOOK NUMBER | |
| ISBN | 9780199567874 |
| 082 ## - DEWEY DECIMAL CLASSIFICATION NUMBER | |
| Classification number | 306.42 LIS |
| 100 ## - MAIN ENTRY--AUTHOR NAME | |
| Personal name | Lloyd, G. E. R |
| 245 ## - TITLE STATEMENT | |
| Title | Disciplines in the making : cross-cultural perspectives on elites, learning, and innovation |
| Statement of responsibility, etc | G.E.R. Lloyd |
| 260 ## - PUBLICATION, DISTRIBUTION, ETC. (IMPRINT) | |
| Place of publication | Oxford |
| Name of publisher | Oxford University Press |
| Year of publication | 2009 |
| 300 ## - PHYSICAL DESCRIPTION | |
| Number of Pages | viii, 215 p. : ill. ; 23 cm |
| 500 ## - GENERAL NOTE | |
| General note | Includes bibliographical references (p. [189]-203) and index |
| 650 ## - SUBJECT ADDED ENTRY--TOPICAL TERM | |
| Topical Term | Elite (Social sciences) - Attitudes - Cross-cultural studies |
| Topical Term | Learning and scholarship - Cross-cultural studies |
| Topical Term | Universities and colleges - Curricula - Cross-cultural studies |
| 991 ## - | |
| -- | 136118 |
| Withdrawn status | Lost status | Damaged status | Not for loan | Home library | Current library | Shelving location | Date acquired | Full call number | Accession Number | Price effective from | Koha item type |
|---|---|---|---|---|---|---|---|---|---|---|---|
| Anna Centenary Library | Anna Centenary Library | 3RD FLOOR, B WING | 12.10.2020 | 306.42 LIS | 139567 | 12.10.2020 | English Books |